000 00568nam a2200229Ia 4500
003 OSt
005 20221007115508.0
006 a|||||r|||| 00| 0
007 ta
008 221006b |||||||| |||| 00| 0 eng d
024 _a37,236
037 _cTextual
040 _aLCO
_cLCO
_beng
041 _2eng
_aeng
082 _aV73:2:(Z), Q7
100 _aRoughan & Halpin
_9709678
245 0 _aPursuit of Pluralist Jurisprudence
260 _c2017
300 _a376
942 _hV73:2:(Z), Q7
_cTEXL
999 _c1206799
_d1206799